000 00387nam a2200157Ia 4500
008 210716s2013 xx 000 0 und d
020 _a9789350623367
041 _aeng
082 _a005.3068 SINC
100 _aSingh, Chandrani.
245 _aSoftware project management.
250 _a1
260 _aNew Delhi
_bExcel Books
_c2013
300 _a406
650 _aProject Management
999 _c194261
_d194261